000 01007nam a22002777a 4500
001 BRCA_9327
003 FranzMayer
005 20230918120421.0
008 230823b |||||||| |||| 00| 0 eng d
040 _aMFM
_besp
_cMFM
050 0 _aNK1230
_b.S68 2016
100 1 _4Autor
_aSotilis, Lisa
_929135
240 _aSotilis
_hEl poder del mito griego. The power of the greek myth
_lEspañol/Inglés
245 0 _aSotilis
_bEl poder del mito griego. The power of the greek myth
260 _aMéxico
_bMusarte Edition
_c2016
300 _a1 v
_bIlustraciones a color
_c22 cm
500 _aAnexo 1
500 _aEl libro no se encuentra numerado
500 _aPasta dura
500 _aEl libro no contiene ISBN registrada.
505 _aTexto en: inglés y españolDirigido a: artistas
650 1 _2Artes decorativas
_aArtes aplicativas
_vHistoria del arte
_929136
651 2 _2Artes clásicas
_aGrecia
_vJoyería
_929137
700 1 _4Col.
_aKaloussian Velissiotis, Pierre
_929138
942 _2lcc
_cB
999 _c10949
_d10949